[Event "IND-ch U17"]
[Site "Kolkata"]
[Date "2016.09.09"]
[Round "1"]
[White "Debarghya, Samanta"]
[Black "Subhayan, Kundu"]
[Result "0-1"]
[WhiteElo "1512"]
[BlackElo "2209"]
[PlyCount "92"]
[EventDate "2016.09.09"]
[EventType "swiss"]
[EventRounds "11"]
[EventCountry "IND"]
[SourceTitle "CBM 174 Extra"]
[Source "ChessBase"]
[SourceDate "2016.10.10"]
[SourceVersion "1"]
[SourceVersionDate "2016.10.10"]
[SourceQuality "1"]

1. e4 e6 2. d4 d5 3. Nd2 Be7 4. e5 c5 5. c3 Nc6 6. Ngf3 a6 7. Be2 b5 8. 0-0 Bd7 9. Nb3 c4 10. Nbd2 b4 11. Qc2 Qa5 12. Re1 Rb8 13. Nf1 bxc3 14. bxc3 Na7 15. Rb1 Rxb1 16. Qxb1 Nb5 17. Bd2 Na3 18. Qb8+ Qd8 19. Qa7 Bb5 20. Ng3 Nh6 21. Nh5 0-0 22. Bxh6 gxh6 23. Nf6+ Kh8 24. Ng4 Qd7 25. Qxd7 Bxd7 26. Nxh6 Kg7 27. Ng4 Rb8 28. Nf6 Bxf6 29. exf6+ Kxf6 30. Ne5 Be8 31. Bf3 Rb2 32. h4 Rb1 33. Kf1 Rxe1+ 34. Kxe1 Nb1 35. Ng4+ Kg7 36. h5 h6 37. Ne3 Nxc3 38. g4 Ba4 39. Be2 Nb5 40. f4 Nxd4 41. g5 Nc2+ 42. Kd2 c3+ 43. Kd3 Nxe3 44. Kxe3 d4+ 45. Kd3 Bb5+ 46. Kxd4 c2 0-1